000 00496nam a2200121 a 4500
008 120416s1972 ||||||||||||||||| || u
050 _aTS 155 Pro
245 0 0 _aProduction (and) operations management: contemporary policy for managing operating systems
260 _aLondon
_bMcGraw-Hill
_c1972
300 _axi, 529p. : ill.
350 _a0.00
995 _D0.00
_FCBU-MAIN LIBRARY (Kitwe)
_H1
_I0.00
_UAVAILABLE
_ZMain Library Open Access Collection
999 _c54886
_d54886